Hospodářský vzestup českých zemí od poloviny 18. století do konce monarchie

Bibliographic Details
Main Authors: Jindra, Zdeněk, 1931-2023 (Author), Jakubec, Ivan, 1960- (Author)
Format: Book
Language:Czech
PhysicalDescription:524 s. grafy, mp., tab. 24 cm
Published: V Praze Univerzita Karlova, nakladatelství Karolinum 2015
ISBN:9788024629452
Edition:2. přepracované vydání
Subjects:

MARC

LEADER 00000cam a2200000 a 4500
001 vtls010861760
003 SK-MaSNL
005 20260426012549.0
008 240318s2015 xr ab f n 000 0 cze
020 |a 9788024629452  |q (brožované) 
040 |a SNK  |b slo  |c SNK  |e AACR2 
041 0 |a cze  |b eng 
043 |a e-xr--- 
044 |a xr  |c CZ 
072 7 |a 338.3/.4  |x Hospodárske a výrobné odvetvia  |2 konspekt 
080 |a 338(091)  |2 2011 
080 |a (437.3)  |2 2011 
080 |a (048.8:082)  |2 2011 
100 1 |a Jindra, Zdeněk,  |d 1931-2023  |4 aut  |9 232864 
245 1 0 |a Hospodářský vzestup českých zemí od poloviny 18. století do konce monarchie  |c Zdeněk Jindra, Ivan Jakubec a kolektiv 
250 |a 2. přepracované vydání 
260 |a V Praze  |b Univerzita Karlova, nakladatelství Karolinum  |c 2015 
300 |a 524 s.  |b grafy, mp., tab.  |c 24 cm 
504 |a Bibliografia: s. 479-515 ; bibliogr. odkazy 
546 |a Anglické resumé 
550 |a Vydavateľ: Univerzita Karlova v Praze 
648 7 |a 1740-1918  |2 SNKPH  |9 335484 
648 7 |a 18.-20. stor.  |2 SNKPH  |9 293384 
648 7 |a 18th-20th century  |2 SNKPHeng  |9 338043 
650 0 7 |a hospodárske dejiny  |2 SNKPH  |9 2284 
650 0 7 |a Economic history  |2 SNKPHeng  |9 275625 
651 7 |a Česko  |2 SNKPH  |9 16753 
651 7 |a Czechia  |2 SNKPHeng  |9 170107 
655 7 |a kolektívne monografie  |2 SNKPH  |9 249850 
655 7 |a Collective monographs  |2 SNKPHeng  |9 125747 
700 1 |a Jakubec, Ivan,  |d 1960-  |4 aut  |9 236163 
710 2 |a Karolinum (nakladateľstvo)  |4 pbl  |9 132328 
752 |a Česko  |d Praha 
919 |a 978-80-246-2945-2 
958 |a TL 
958 |a NB 
958 |a CZ 
999 |c 1100029  |d 1101959 
952 |a SNK  |b SNK  |y VYP  |7 0  |p 17A1217693  |o snkIC 142941  |i snk2016/26290  |8 4  |g 15.92  |0 0  |1 0  |4 0  |d 2016-10-25  |l 0  |r 2026-02-24 17:27:27  |w 2026-02-24